000 00974nam a2200217Ia 4500
001 IA_Finally, through a financial projection, the analysis of the Internal Rate of Return (IRR), Net Present Value (NPV), Benefit-Cost Ratio and the sensitivity analysis determined that the project is viable.
002 ANALISIS DE FACTIBILIDAD PARA LA AMPLICACION DE 10
008 220117s xx 000 0 und d
010 _a187831
530 _aDisponible en PDF
583 _a1 ej. impreso ; 1 ej. CD
650 _aBananas
_xEntrepreneurship
_9163439
650 _aBananas
_xIndustry and trade
_xMexico
_9152314
650 _aBananos
_xIndustria y comercio
_xMéxico
_9152315
650 _aBananos
_xIniciativa empresarial
_9163440
700 _aAscencio Rivera, Rogelio, asesor
_9163690
700 _aMartínez Mosqueda, Francisco, asesor
_9163662
700 _aSzymanski Duque, Rosa Guadalupe, dir.
_9156969
942 _cTESIS C78 2019
999 _c187831
_d187831